| 000 | 00539nam a22001817a 4500 | ||
|---|---|---|---|
| 005 | 20241108151047.0 | ||
| 008 | 241108b |||||||| |||| 00| 0 eng d | ||
| 020 | _a9780324590869 | ||
| 050 |
_aHB615 _b.K87 KUR |
||
| 100 | _aKuratko Donald F. | ||
| 245 |
_aIntroduction to Entrepreneurship _cDonald F. Kuratko |
||
| 250 | _a8th Ed. | ||
| 260 |
_aAustralia; _bCengage Learning; _c2009; |
||
| 300 |
_axxxii. 544p.; _bill. color; _c27.5 cm x 21.5 cm |
||
| 500 | _aIncludes Indexes | ||
| 650 | _2Entrepreneurship | ||
| 942 |
_2lcc _cBK _e8th Ed. _n0 |
||
| 999 |
_c895 _d895 |
||